=LDR 00000nam 2200000 4500 =001 NUTBA000000000001421 =005 20250422091817 =035 ##$$a 0010-041400000000691 =008 250422################g##########0#ind## =082 ##$$a 632.9 =090 ##$$a 632.9 $b chr m =100 ##$$a per christiansen =245 1#$$a monster alam hama & parasit =260 ##$$a Jakarta :$b pt elex media komputindo,$c 2006 =300 ##$$a 32 hlm. : $b illus ; $c 23 17 cm. =850 ##$$a NBPBMAT =020 ##$$a 978-979-27-79271 =084 ##$$a 632.9 CHER m =990 ##$$a 21195120/BPAP-NTB/2014 =990 ##$$a 21101039 =990 ##$$a 1202500491 =990 ##$$a 04920492 =990 ##$$a 21101040 =990 ##$$a 21195120/BPAP-NTB/2014 =990 ##$$a 21101039 =990 ##$$a 1202500491